The last romantics /

Saved in:
Bibliographic Details
Main Author: Hough, Graham, 1908-
Format: Book
Language:English
Published: London : Methuen, 1961.
Series:University paperbacks, 18
Subjects:
LEADER 00984nam a2200265 i 4500
001 c000341767
003 CARM
005 00000000000000.0
008 830609s1961 uk b 00000 eng d
019 1 |a 25024062  |z 23913176  |z 2717739  |5 LACONCORD2021 
035 |a (OCoLC)781810  |5 LACONCORD2021 
043 |a e-uk--- 
100 1 |a Hough, Graham,  |d 1908- 
245 1 4 |a The last romantics /  |c Graham Goulden Hough. 
260 |a London :  |b Methuen,  |c 1961. 
300 |a xix, 284 p. ;  |c 23 cm. 
490 0 |a University paperbacks, 18 
504 |a Includes bibliographical references. 
650 0 |a Romanticism  |z Great Britain. 
650 0 |a Romanticism in art. 
650 0 |a English literature  |y 19th century  |x History and criticism. 
852 8 |b CARM  |h A1:AM31B0  |i B09679  |p 0438124  |f BK 
082 0 4 |a 709.0342 
999 f f |i aeab97db-bd36-5c79-9dfa-f2980b0cdb1d  |s 08f5812d-e885-5c4f-9b6b-15af6213b202 
952 f f |p Can circulate  |a CAVAL  |b CAVAL  |c CAVAL  |d CARM 1 Store  |e B09679  |f A1:AM31B0  |h Other scheme  |i book  |m 0438124